Statistics for What Is This Special Character?

Click here to take the quiz!

General Stats

  • This quiz has been taken 14 times
  • The average score is 8 of 11

Answer Stats

HintAnswer% Correct
,Comma
100%
?Question mark
100%
$Dollar
92%
#Hashtag
92%
Euro
85%
!Exclamation mark
85%
&Ampersand
69%
¥Yen
69%
*Asterisk
46%
.Dot
38%
Dong
23%

Score Distribution

Percentile by Number Answered

Percent of People with Each Score

Your Score History

You have not taken this quiz